Normal view
MARC view
- Simon, Haykin
Entry Personal Name
001 - CONTROL NUMBER
- control field: 114061
003 - CONTROL NUMBER IDENTIFIER
- control field: NUST
005 - DATE AND TIME OF LATEST TRANSACTION
- control field: 20230808185508.0
008 - FIXED-LENGTH DATA ELEMENTS
- fixed length control field: 230808|| aca||aabn | a|a d
040 ## - CATALOGING SOURCE
- Original cataloging agency: NUST
- Transcribing agency: NUST
100 ## - HEADING--PERSONAL NAME
- Personal name: Simon, Haykin
670 ## - SOURCE DATA FOUND
- Source citation: Work cat.: (NUST): Simon, Haykin, Adaptive Filter Theory, 2002
